00619nam a22001697a 450000500170000001000130001702000260003003500110005603700160006708200100008310000320009324501030012524600740022826000520030227000730035430000220042720190819171035.0 aUR-10382 c250.00a9788193596203 aU-8937 bDBAD/PUBa- a840.8 aر و بينہ نسر ين  aسلمہ يا سمين نجمی -فکشن،فن ا و ر فنکا ر cر و بينہ نسر ين  bSalma Yasmeen Najmi:Fiction,Fan Aur Fankar (Urdu)aby Rubina Nasreen aDelhibEducational Publishing House c2017 ء  a3191,Vakil Street,Kucha Pandit,Lal Kuan,bDelhie110006k23216162l- a256 صc22 Cm(Hb)